01505nam a2200337 a 4500001001100000003000800011006001900019007001500038008004100053010001700094020002800111040002100139035002000160050002300180082001800203245016000221260004700381300001700428490004600445504006600491533015200557650007100709650005800780651006500838655002900903700003100932710001700963830004700980856012501027999001501152ebr5005061CaPaEBRm u cr cn|||||||||970623s1998 ctu sbd 001 0 eng  z 97018190  z0313294216 (alk. paper) aCaPaEBRcCaPaEBR a(OCoLC)7076913114aDC397b.H58 1998eb04a940.53/4422100aHistorical dictionary of World War II Franceh[electronic resource] :bthe Occupation, Vichy, and the Resistance, 1938-1946 /cedited by Bertram M. Gordon. aWestport, Conn. :bGreenwood Press,c1998. axxvi, 432 p.1 aHistorical dictionaries of French history aIncludes bibliographical references (p. [383]-397) and index. aElectronic reproduction.bPalo Alto, Calif. :cebrary,d2013.nAvailable via World Wide Web.nAccess may be limited to ebrary affiliated libraries. 0aWorld War, 1939-1945xUnderground movementszFrancevDictionaries. 0aWorld War, 1939-1945zFrancexColoniesvDictionaries. 0aFrancexHistoryyGerman occupation, 1940-1945vDictionaries. 7aElectronic books.2local1 aGordon, Bertram M.,d1945-2 aebrary, Inc. 0aHistorical dictionaries of French history.40uhttp://site.ebrary.com/lib/rucke/Doc?id=5005061zAn electronic book accessible through the World Wide Web; click to view c1522d1522